00684nam a2200169Ia 4500003000200000005001700002008004100019050002700060100003000087245010000117260008600217300002800303521002700331942001200358999001900370952012500389020250214152153.0140724s9999 xx 000 0 und d aT 57.6.A1 b.V719 2009 aVillar, Harmond Perrie M. aAutomated timekeeping and payroll system of Creative Middle School /cHarmond Perrie M. Villar. aLas Piñas, Philippines :bSouthville International School and Colleges,cc2009. a41 p. :bill. ;c28 cm. aInformation Technology cTH2lcc c229263d229263 00102lcc40aCLbCLcTHESESd2014-07-24eDONATIONl0oT 57.6.A1 .V719 2009 pT0617r2017-03-23 00:00:00w2014-07-24yTH